00669nam a22002297a 4500010002700000020002600027020002300053035001300076035001700089037001700106037001300123082000800136100002000144245007800164250001200242260003700254270004100291300003600332500004000368700001600408700001500424 aBAC-EN21 ENG-111723 a9788121926188c400.00 a8121926181c400.00 aEN-95255 aB-593389-416 bUBH/Venadpl bDBAD/PUB a585 aVashishta, P.C. aGymnosperms /cby P.C. Vashishta; revised by A. K. Sinha [and] Anil kumar arev. ed aNew DelhibS. Chandc2014(repr.) a7361, Ram Nagar, bNew Delhie110055 axii, 580p.bcol ill.c24cm(pbk) aIncludes bibliographical references aSinha, A.K. aAnil Kumar